| 000 | 00612nam a2200169Ia 4500 | ||
|---|---|---|---|
| 008 | 090201s9999 xx 000 0 und d | ||
| 010 | _aKPL-64755 | ||
| 040 | _bमराठी | ||
| 041 | _aमराठी | ||
| 082 |
_a20538 _b64755 |
||
| 100 | _aमधुसुदन घाणेकर | ||
| 245 |
_aचेहरा सांगे स्वभाव _cमधुसुदन घाणेकर |
||
| 260 |
_c2004 _bइंद्रायणी साहित्य प्रकाशन |
||
| 300 |
_a63 _bमोठा |
||
| 600 | _aचेहरा सांगे स्वभाव | ||
| 942 | _cBOOK | ||
| 999 |
_c220298 _d220298 |
||